Oscars du meilleur montage par images - Statistiques

Statistiques générales
  • Ce quiz a été pris 39 fois
  • Le résultat moyen est 33 sur 50
Statistiques - réponses
Par images Hint Réponse % Correct
2022 Dune
100%
2018 Dunkerque
97%
2000 Matrix
97%
2019 Bohemian Rhapsody
95%
1995 Forrest Gump
95%
1982 Les Aventuriers de l'Arche Perdue
95%
2024 Oppenheimer
95%
2016 Mad Max : Fury Road
92%
1977 Rocky
92%
1998 Titanic
92%
1999 Il faut sauver le soldat Ryan
89%
2015 Whiplash
89%
2004 Le Seigneur des Anneaux : Le Retour du Roi
87%
2009 Slumdog Millionaire
87%
2011 The Social Network
84%
1983 Gandhi
79%
1963 Lawrence d'Arabie
79%
2023 Everything everywhere all at once
76%
1994 La Liste de Schindler
76%
1981 Raging Bull
76%
1962 West Side Story
76%
1965 Mary Poppins
74%
1989 Qui veut la peau de Roger Rabbit ?
74%
2014 Gravity
71%
1976 Les Dents de la mer
71%
2025 Anora
68%
2017 Tu ne tueras point
68%
1960 Ben-Hur
66%
1978 Star Wars : Épisode IV
66%
2007 Les Infiltrés
61%
2020 Le Mans 66
58%
1991 Danse avec les loups
55%
2008 La Vengeance dans la peau
55%
1958 Le Pont de la rivière Kwaï
55%
1996 Apollo 13
47%
2005 Aviator
47%
1988 Le Dernier Empereur
47%
1987 Platoon
47%
1966 La Mélodie du bonheur
42%
2003 Chicago
39%
2021 Sound of Metal
39%
2013 Argo
37%
1990 Né un 4 juillet
37%
1979 Voyage au bout de l'enfer
34%
1972 French Connection
32%
1940 Autant en emporte le vent
29%
1973 Cabaret
29%
2012 Millénium : Les Hommes qui n'aimaient pas les femmes
29%
1997 Le Patient anglais
16%
1957 Le Tour du monde en 80 jours
11%
Aucun quiz correspondant
Distribution des résultats
% des personnes avec chaque résultat
Percentile par nombre de réponses
Votre historique - résultats
Vous n’avez pas pris ce quiz